000 01003nam a22002417a 4500
999 _c61629
_d61629
005 20240403102029.0
008 240402s2018 tu ||||| |||| 00| 0 tur d
020 _a9786058217294x
041 _atur
080 _a811.512.161(075) Y-39
245 _aYedi İklim Türkçe :
_bTürkçe öğretim seti. çalışma kitabı : seviye B2 /
_cIbrahim Gültekin, Mahir Kalfa, İbrahim Atabey, Filiz Mete, Aydan Eryiğit, Uğur Kılıç
264 _aAnkara,
_bYunus Emre Enstitüsü,
_c2018.
300 _a104 p.
_bil.;
_c30 cm.
653 _aთურქული ენა
653 _aსამუშაო წიგნი
700 _aGültekin, Ibrahim
_eავტორი
_921684
700 _aKalfa, Mahir
_eავტორი
_921685
700 _aAtabey, İbrahim
_eავტორი
_921686
700 _aMete, Filiz
_eავტორი
_921687
700 _aEryiğit, Aydan
_eავტორი
_921688
700 _aKılıç, Uğur
_eავტორი
_921689
942 _2udc
_cᲬᲘᲒᲜᲘ